[Event "Havana Province-ch 1st Cat"]
[White "Aguero Jimenez, Luis Lazaro"]
[Black "Olivera Medrano, Joan"]
[Site "Havana"]
[Round "13"]
[Result "0-1"]
[Date "2010.11.02"]
[WhiteElo "2403"]
[BlackElo "2377"]
[PlyCount "80"]
[EventDate "2010.10.19"]
[EventType "tourn"]
[EventRounds "17"]
[EventCountry "CUB"]
[EventCategory "5"]
[SourceTitle "EXT 2019"]
[Source "ChessBase"]
[SourceDate "2018.10.10"]
[SourceVersion "1"]
[SourceVersionDate "2018.10.10"]
[SourceQuality "1"]

1. Nf3 d5 2. g3 e6 3. Bg2 Nf6 4. 0-0 Be7 5. d3 0-0 6. Nbd2 b6 7. e4 c5 8. e5 Nfd7 9. Re1 Nc6 10. Nf1 f6 11. exf6 Bxf6 12. c4 Nde5 13. Nxe5 Nxe5 14. Ne3 Bb7 15. f4 Ng6 16. f5 exf5 17. Nxd5 Qd7 18. Qc2 Ne7 19. Nxf6+ Rxf6 20. Bg5 Rf7 21. Bxb7 Qxb7 22. d4 Nc6 23. d5 Nd4 24. Qg2 f4 25. gxf4 Raf8 26. Re4 Nf5 27. Re6 Kh8 28. Rf1 h6 29. Qh3 b5 30. b3 bxc4 31. bxc4 Qb2 32. Kh1 Kg8 33. Rg1 hxg5 34. fxg5 g6 35. Rxg6+ Rg7 36. Rxg7+ Kxg7 37. Qd3 Qd4 38. Qe2 Ne3 39. h3 Qe4+ 40. Kh2 Nf1+ 0-1

[Event "Havana Province-ch 1st Cat"]
[White "Olivera Medrano, Joan"]
[Black "Fernandez Cardoso, Alexey"]
[Site "Havana"]
[Round "12"]
[Result "0-1"]
[Date "2010.10.31"]
[WhiteElo "2377"]
[BlackElo "2428"]
[PlyCount "78"]
[EventDate "2010.10.19"]
[EventType "tourn"]
[EventRounds "17"]
[EventCountry "CUB"]
[EventCategory "5"]
[SourceTitle "EXT 2019"]
[Source "ChessBase"]
[SourceDate "2018.10.10"]
[SourceVersion "1"]
[SourceVersionDate "2018.10.10"]
[SourceQuality "1"]

1. d4 d6 2. Bg5 g6 3. Nc3 Bg7 4. e4 Nd7 5. Nf3 a6 6. a4 c5 7. Bc4 cxd4 8. Nxd4 Ngf6 9. 0-0 0-0 10. Qd2 Qb6 11. Rfd1 Qc5 12. Be2 Re8 13. Be3 Qc7 14. a5 b5 15. axb6 Nxb6 16. Nb3 Nc4 17. Bxc4 Qxc4 18. f3 Qc7 19. Nb5 Qb7 20. Na3 Rb8 21. Na5 Qc7 22. N3c4 Be6 23. b3 Rb5 24. Bd4 d5 25. exd5 Rxd5 26. c3 Rh5 27. h3 Bh6 28. Qe1 Bf4 29. Bb6 Qc8 30. Rd4 Bb8 31. Rh4 Rb5 32. Qf2 Nh5 33. f4 Ng7 34. g4 Rxb6 35. Nxb6 Qxc3 36. Ra4 Rd8 37. Nac4 Qxb3 38. f5 Bxc4 39. Rxc4 Bg3 0-1

[Event "Havana Province-ch 1st Cat"]
[White "Olivera Medrano, Joan"]
[Black "Larrua Gonzalez, Fernando Oscar"]
[Site "Havana"]
[Round "10"]
[Result "1/2-1/2"]
[Date "2010.10.29"]
[WhiteElo "2377"]
[BlackElo "2327"]
[PlyCount "58"]
[EventDate "2010.10.19"]
[EventType "tourn"]
[EventRounds "17"]
[EventCountry "CUB"]
[EventCategory "5"]
[SourceTitle "EXT 2019"]
[Source "ChessBase"]
[SourceDate "2018.10.10"]
[SourceVersion "1"]
[SourceVersionDate "2018.10.10"]
[SourceQuality "1"]

1. d4 e6 2. Nf3 Nf6 3. c4 b6 4. e3 Bb7 5. Bd3 Bb4+ 6. Nbd2 Ne4 7. 0-0 f5 8. Qc2 Nxd2 9. Nxd2 0-0 10. e4 Bxd2 11. Bxd2 fxe4 12. Bxe4 Bxe4 13. Qxe4 c6 14. Bb4 Rf5 15. Bd6 Na6 16. Rad1 Nc7 17. Be5 Ne8 18. Qg4 d6 19. Bf4 b5 20. c5 Nf6 21. Qh4 dxc5 22. dxc5 Qa5 23. Bg5 Qxa2 24. Bxf6 Rxf6 25. Rd2 Qc4 26. Qxc4 bxc4 27. Rc1 Rf5 28. Rxc4 Rd5 29. Rxd5 exd5 1/2-1/2

[Event "Havana Province-ch 1st Cat"]
[White "Vilela de Acuna, Jose Luis"]
[Black "Olivera Medrano, Joan"]
[Site "Havana"]
[Round "6"]
[Result "1-0"]
[Date "2010.10.24"]
[WhiteElo "2326"]
[BlackElo "2377"]
[PlyCount "139"]
[EventDate "2010.10.19"]
[EventType "tourn"]
[EventRounds "17"]
[EventCountry "CUB"]
[EventCategory "5"]
[SourceTitle "EXT 2019"]
[Source "ChessBase"]
[SourceDate "2018.10.10"]
[SourceVersion "1"]
[SourceVersionDate "2018.10.10"]
[SourceQuality "1"]

1. d4 d5 2. Nf3 e6 3. c4 c6 4. Qc2 dxc4 5. Qxc4 b6 6. Bg5 Qc7 7. Nbd2 a5 8. Rc1 Ba6 9. Qc2 Be7 10. e3 Bxf1 11. Nxf1 Bxg5 12. Nxg5 h6 13. Nf3 Ne7 14. Ng3 Nd7 15. 0-0 0-0 16. Rfd1 e5 17. d5 Qb8 18. d6 Nd5 19. Qxc6 N5f6 20. Ne4 Nxe4 21. Qxe4 Qe8 22. Rc7 Rd8 23. Qd5 e4 24. Nd2 Nf6 25. Qd4 Qe6 26. Nc4 b5 27. Nxa5 Qxa2 28. Nc6 Rd7 29. Rxd7 Nxd7 30. Ne7+ Kh8 31. Nf5 Nf6 32. h3 Qe6 33. Ng3 Rd8 34. Qb4 Qe5 35. Qd4 Qe8 36. Ne2 Qc6 37. Nc3 Ne8 38. Qxe4 Qxe4 39. Nxe4 f5 40. d7 fxe4 41. dxe8Q+ Rxe8 42. Rd5 Rc8 43. Rxb5 Rc1+ 44. Kh2 Rc2 45. Kg3 Kg8 46. Re5 Kf7 47. b3 Rb2 48. Rxe4 Rxb3 49. Ra4 Rb2 50. Ra6 Rc2 51. Kf3 Rb2 52. g4 Rc2 53. h4 Rb2 54. h5 Rc2 55. e4 Rb2 56. Kg3 Ke7 57. f3 Rb8 58. Ra7+ Kf8 59. Kf4 Kg8 60. e5 Rb3 61. Kf5 Rb5 62. f4 Rb8 63. Rd7 Rb6 64. Rd6 Rb4 65. Rd8+ Kf7 66. e6+ Ke7 67. Rd7+ Kf8 68. Kg6 Re4 69. Rf7+ Ke8 70. Kf5 1-0

[Event "Capablanca Memorial op 45th"]
[White "Olivera Medrano, Joan"]
[Black "Castillo Coca, Mairebys"]
[Site "Havana"]
[Round "9"]
[Result "1/2-1/2"]
[Date "2010.06.19"]
[WhiteElo "2396"]
[BlackElo "2106"]
[PlyCount "127"]
[EventDate "2010.06.10"]
[EventType "swiss"]
[EventRounds "10"]
[EventCountry "CUB"]
[SourceTitle "CBM 137 Extra"]
[Source "ChessBase"]
[SourceDate "2010.09.01"]
[SourceVersion "1"]
[SourceVersionDate "2010.09.01"]
[SourceQuality "1"]

1. d4 Nf6 2. Bg5 d5 3. e3 Bf5 4. Bxf6 exf6 5. Bd3 Bxd3 6. Qxd3 c6 7. Nd2 Bd6 8. Ne2 0-0 9. 0-0 Na6 10. c3 Re8 11. e4 Nc7 12. Rfe1 Qd7 13. Qf3 Ne6 14. h4 Bc7 15. Ng3 Qd6 16. exd5 cxd5 17. Ndf1 Rad8 18. Nh5 Nf4 19. Nxf4 Qxf4 20. Qxd5 g6 21. Qb5 Re6 22. g3 Qf3 23. Qc4 Qc6 24. b3 Ba5 25. Qxc6 Rxc6 26. b4 Bb6 27. Rac1 Rdc8 28. d5 Rxc3 29. Rxc3 Rxc3 30. Re2 Kf8 31. d6 Rc4 32. a3 Rd4 33. Re7 Rxd6 34. Rxb7 Rd1 35. Rb8+ Ke7 36. Rc8 Ra1 37. Rc3 Ra2 38. Ne3 Ke6 39. Kg2 f5 40. Kf3 h5 41. Nc2 Ke5 42. Ke2 Bd4 43. Kd2 Bxc3+ 44. Kxc3 Ke4 45. Kb3 Rxc2 46. Kxc2 Kf3 47. a4 Kxf2 48. b5 Kxg3 49. a5 f4 50. b6 axb6 51. axb6 f3 52. b7 f2 53. b8Q+ Kg2 54. Qb7+ Kg1 55. Qb6 Kg2 56. Qc6+ Kg1 57. Qc5 Kg2 58. Qd5+ Kg1 59. Qd4 Kg2 60. Qd2 Kg1 61. Qg5+ Kh1 62. Qf4 Kg2 63. Qxf7 f1Q 64. Qxg6+ 1/2-1/2

[Event "Capablanca Memorial op 45th"]
[White "Olivera Medrano, Joan"]
[Black "Pulvett Marin, Daniel Eduardo"]
[Site "Havana"]
[Round "5"]
[Result "1-0"]
[Date "2010.06.14"]
[WhiteElo "2396"]
[BlackElo "2243"]
[PlyCount "173"]
[EventDate "2010.06.10"]
[EventType "swiss"]
[EventRounds "10"]
[EventCountry "CUB"]
[SourceTitle "CBM 137 Extra"]
[Source "ChessBase"]
[SourceDate "2010.09.01"]
[SourceVersion "1"]
[SourceVersionDate "2010.09.01"]
[SourceQuality "1"]

1. d4 Nf6 2. Bg5 Ne4 3. Bf4 c5 4. f3 Qa5+ 5. c3 Nf6 6. d5 d6 7. e4 h6 8. Na3 g5 9. Be3 Nbd7 10. Nc4 Qc7 11. a4 b6 12. Qb3 a6 13. Ne2 e6 14. Rd1 exd5 15. exd5 Bb7 16. Na3 0-0-0 17. Ng3 Re8 18. Kf2 Re5 19. c4 Bg7 20. Bd3 Rhe8 21. Bd2 Bh8 22. Bc3 Nf8 23. Bxe5 Rxe5 24. Rhe1 N6d7 25. Nf5 h5 26. h4 gxh4 27. f4 Rxe1 28. Rxe1 Kb8 29. Re8+ Ka7 30. Nc2 Ng6 31. Nxh4 Nxh4 32. Rxh8 Nf6 33. Kg3 Qe7 34. Qc3 Ng6 35. Bxg6 fxg6 36. Qe3 Qg7 37. Rd8 Qc7 38. Re8 Nxe8 39. Qxe8 Qg7 40. Ne3 g5 41. Qxh5 gxf4+ 42. Kxf4 Qxb2 43. g4 Qd4+ 44. Kf3 b5 45. axb5 axb5 46. cxb5 c4 47. Qh7 c3 48. Qc7 Qd2 49. Qxd6 c2 50. b6+ Ka6 51. Qa3+ Kb5 52. Qb3+ Kc5 53. Qxc2+ Qxc2 54. Nxc2 Bxd5+ 55. Kf4 Kxb6 56. Ke5 Bf3 57. g5 Bh5 58. Kd6 Kb7 59. Nd4 Kc8 60. Ne6 Bg6 61. Ke7 Bh7 62. Kf6 Bg8 63. g6 Kd7 64. Nf4 Ke8 65. Ne6 Kd7 66. Ng5 Ke8 67. g7 Kd7 68. Ne4 Ke8 69. Nd6+ Kd7 70. Nf5 Ke8 71. Ne7 Bf7 72. Nf5 Bg8 73. Nh6 Bb3 74. Kg6 Bc2+ 75. Kf6 Bb3 76. Ng4 Bf7 77. Ne5 Bg8 78. Nd3 Bf7 79. Nf4 Bg8 80. Nh5 Bf7 81. Ng3 Bg8 82. Nf5 Kd7 83. Nh6 Bh7 84. Kf7 Kd6 85. Ng4 Bf5 86. Kf8 Be6 87. Nh6 1-0

[Event "Basarrate Memorial"]
[White "Olivera Medrano, Joan"]
[Black "Alarcon Casellas, Rolando"]
[Site "Havana"]
[Round "18"]
[Result "1-0"]
[Date "2009.11.23"]
[WhiteElo "2388"]
[BlackElo "2399"]
[PlyCount "61"]
[EventDate "2009.11.08"]
[EventType "tourn"]
[EventRounds "18"]
[EventCountry "CUB"]
[SourceTitle "EXT 2011"]
[Source "ChessBase"]
[SourceDate "2010.11.26"]
[SourceVersion "1"]
[SourceVersionDate "2010.11.26"]
[SourceQuality "1"]

1. d4 d5 2. c4 c6 3. Nc3 Nf6 4. cxd5 cxd5 5. Nf3 Nc6 6. Bf4 Bf5 7. e3 e6 8. Bb5 Nd7 9. Qa4 Qb6 10. 0-0 Be7 11. Rfc1 a6 12. Bxc6 Qxc6 13. Qb3 Bg4 14. Na4 Qb5 15. Qxb5 axb5 16. Nc3 Bxf3 17. Nxb5 0-0 18. gxf3 Rfc8 19. Nc7 Ra5 20. Rc3 Bf8 21. a3 Rd8 22. Rac1 h6 23. Kg2 b6 24. h4 g6 25. b4 Ra4 26. Nb5 Be7 27. Rc7 Bxh4 28. Rb7 g5 29. Bd6 Nf8 30. Rcc7 Rxa3 31. Bxf8 1-0

[Event "Basarrate Memorial"]
[White "Olivera Medrano, Joan"]
[Black "Diaz Rosario, Roberto Santiago"]
[Site "Havana"]
[Round "13"]
[Result "1-0"]
[Date "2009.11.19"]
[WhiteElo "2388"]
[BlackElo "2225"]
[PlyCount "97"]
[EventDate "2009.11.08"]
[EventType "tourn"]
[EventRounds "18"]
[EventCountry "CUB"]
[SourceTitle "EXT 2011"]
[Source "ChessBase"]
[SourceDate "2010.11.26"]
[SourceVersion "1"]
[SourceVersionDate "2010.11.26"]
[SourceQuality "1"]

1. d4 Nf6 2. c4 g6 3. Nc3 Bg7 4. Nf3 0-0 5. e4 d6 6. Be2 e5 7. Be3 Ng4 8. Bg5 f6 9. Bc1 Nc6 10. d5 Ne7 11. h3 Nh6 12. h4 Nf7 13. h5 g5 14. Be3 c5 15. Rg1 g4 16. Nh4 Qd7 17. Qd2 Qe8 18. h6 Bh8 19. Bd3 Ng6 20. Rh1 Nf4 21. 0-0-0 Nxd3+ 22. Qxd3 Qe7 23. Nf5 Bxf5 24. exf5 a6 25. Rh4 Rfb8 26. Rxg4+ Kf8 27. a4 b6 28. Re1 Ra7 29. Kd1 Re8 30. Qe4 Ng5 31. Bxg5 fxg5 32. Qe3 Bf6 33. Ne4 b5 34. b4 bxc4 35. bxc5 dxc5 36. Qxc5 Qxc5 37. Nxc5 Rc8 38. Rxc4 Ke8 39. Ke2 Rac7 40. Rec1 Be7 41. d6 Bxd6 42. Ne4 Ke7 43. f6+ Ke6 44. Nxg5+ Kxf6 45. Ne4+ Ke6 46. Nxd6 Kxd6 47. Rxc7 Rxc7 48. Rxc7 Kxc7 49. g4 1-0

[Event "Basarrate Memorial"]
[White "Alarcon Casellas, Rolando"]
[Black "Olivera Medrano, Joan"]
[Site "Havana"]
[Round "9"]
[Result "1-0"]
[Date "2009.11.16"]
[WhiteElo "2399"]
[BlackElo "2388"]
[PlyCount "39"]
[EventDate "2009.11.08"]
[EventType "tourn"]
[EventRounds "18"]
[EventCountry "CUB"]
[SourceTitle "EXT 2011"]
[Source "ChessBase"]
[SourceDate "2010.11.26"]
[SourceVersion "1"]
[SourceVersionDate "2010.11.26"]
[SourceQuality "1"]

1. d4 d5 2. c4 e6 3. Nc3 c6 4. e4 dxe4 5. Nxe4 Bb4+ 6. Bd2 Qxd4 7. Bxb4 Qxe4+ 8. Be2 Na6 9. Bc3 Ne7 10. Bxg7 Rg8 11. Bf6 Rg6 12. Bxe7 Kxe7 13. Qd2 Qxg2 14. 0-0-0 Kf8 15. Nf3 Qxf2 16. Ne5 Qf6 17. Nxg6+ hxg6 18. Qh6+ Kg8 19. Rhf1 Qe7 20. Rxf7 1-0

[Event "Ortega Memorial 6th"]
[White "Olivera Medrano, Joan"]
[Black "Diaz Rosario, Roberto Santiago"]
[Site "Havana"]
[Round "12"]
[Result "1-0"]
[Date "2009.08.10"]
[WhiteElo "2380"]
[BlackElo "2226"]
[PlyCount "65"]
[EventDate "2009.07.19"]
[EventType "tourn"]
[EventRounds "14"]
[EventCountry "CUB"]
[SourceTitle "EXT 2011"]
[Source "ChessBase"]
[SourceDate "2010.11.26"]
[SourceVersion "1"]
[SourceVersionDate "2010.11.26"]
[SourceQuality "1"]

1. c4 e5 2. g3 c6 3. b3 d5 4. Bb2 Bd6 5. Bg2 Nf6 6. cxd5 cxd5 7. Nc3 d4 8. Nb5 0-0 9. Nxd6 Qxd6 10. Nf3 Nc6 11. 0-0 e4 12. Ng5 Qe5 13. f4 Qe7 14. d3 Ng4 15. Bxe4 h6 16. Nf3 Ne3 17. Qd2 Nxf1 18. Rxf1 Bh3 19. Rc1 Rac8 20. Bxc6 Rxc6 21. Rxc6 bxc6 22. Nxd4 f6 23. f5 Rc8 24. e4 Qd6 25. Ne6 Bg4 26. Bxf6 Bxf5 27. exf5 gxf6 28. Qxh6 Qe7 29. Qg6+ Kh8 30. g4 Rd8 31. g5 Rxd3 32. gxf6 Qd7 33. Qh6+ 1-0

[Event "CUB-ch U20"]
[White "Bruzon Batista, Lazaro"]
[Black "Olivera Medrano, Joan"]
[Site "Camaguey"]
[Round "2"]
[Result "1/2-1/2"]
[Date "1999.??.??"]
[WhiteElo "2488"]
[BlackElo "2375"]
[PlyCount "41"]
[EventDate "1999.??.??"]
[EventType "tourn"]
[EventRounds "9"]
[EventCountry "CUB"]
[EventCategory "5"]
[SourceTitle "EXT 2000"]
[Source "ChessBase"]
[SourceDate "1999.11.16"]
[SourceVersion "1"]
[SourceVersionDate "1999.11.16"]
[SourceQuality "1"]

1. c4 c5 2. Nf3 Nf6 3. Nc3 e6 4. d4 cxd4 5. Nxd4 Bb4 6. g3 0-0 7. Bg2 d5 8. cxd5 Nxd5 9. Bd2 Bxc3 10. bxc3 e5 11. Nc2 Nc6 12. Rb1 Nb6 13. Nb4 Na5 14. Be3 Bf5 15. Qxd8 Rfxd8 16. Bxb6 axb6 17. e4 Be6 18. 0-0 Nc4 19. Rfd1 Rdc8 20. Nd5 Kf8 21. Nxb6 1/2-1/2

[Event "CUB-ch U20"]
[White "Olivera Medrano, Joan"]
[Black "Dominguez Perez, Leinier"]
[Site "Camaguey"]
[Round "1"]
[Result "0-1"]
[Date "1999.??.??"]
[WhiteElo "2375"]
[BlackElo "2505"]
[PlyCount "62"]
[EventDate "1999.??.??"]
[EventType "tourn"]
[EventRounds "9"]
[EventCountry "CUB"]
[EventCategory "5"]
[SourceTitle "EXT 2000"]
[Source "ChessBase"]
[SourceDate "1999.11.16"]
[SourceVersion "1"]
[SourceVersionDate "1999.11.16"]
[SourceQuality "1"]

1. d4 d5 2. c4 c6 3. Nc3 Nf6 4. cxd5 cxd5 5. Nf3 Nc6 6. Bf4 Bf5 7. e3 e6 8. Bb5 Nd7 9. 0-0 Rc8 10. Rc1 Be7 11. Qb3 0-0 12. Bxc6 bxc6 13. Qb7 g5 14. Bg3 h5 15. h3 g4 16. hxg4 hxg4 17. Ne5 Nxe5 18. Bxe5 f6 19. Bg3 Rf7 20. Qxa7 Rh7 21. Qa6 Qe8 22. Ne2 c5 23. Nf4 c4 24. Nxe6 Rc6 25. Nc7 Qh5 26. Qa8+ Bf8 27. f3 gxf3 28. Rxf3 Qh1+ 29. Kf2 Qxc1 30. Qxc6 Rh1 31. Qxd5+ Kh8 0-1